| 000 | 00502nam a2200181Ia 4500 | ||
|---|---|---|---|
| 003 | GCL | ||
| 008 | 140319s9999 xx 000 0 ara d | ||
| 040 |
_aGCL / _cGCL |
||
| 082 | 0 | 4 |
_a219.1 _bم ت |
| 100 | 1 | _aمحمد قطب | |
| 245 | 1 | 0 |
_aالتطور والثبات فى حياة البشرية / _cمحمد قطب |
| 260 |
_a[S.N] : _bدار الشروق ، _c1993 |
||
| 300 | _a313 | ||
| 490 | _a | ||
| 650 | 0 | 4 | _aالاسلام والمجتمع |
| 650 | 0 | 4 | _aالاخلاق |
| 942 |
_2ddc _cBK |
||
| 999 |
_c52605 _d52605 |
||